000 00449nam a2200181Ia 4500
003 OSt
005 20230320101212.0
008 210210b1953 xxu||||| |||| 00| 0 eng d
040 _cAL
041 _aeng
082 _a370/40
100 _aLEE (Gordon C)
_976492
245 _aIntroduction to education in modern America
260 _aNew York
_bHenry Holt and Company
_c1953
690 _aEducation
_976493
906 _a004980
942 _2ddc
_cBK
999 _c128654
_d128654